Statistics for Pokémon by Picture: Generation IX

Click here to take the quiz!

General Stats

  • This quiz has been taken 568 times
    (256 since last reset)
  • The average score is 75 of 120

Answer Stats

Answer% Correct
Sprigatito
91%
Fuecoco
85%
Quaxly
85%
Meowscarada
83%
Lechonk
82%
Pawmi
81%
Smoliv
79%
Pawmo
77%
Flamigo
76%
Wiglett
76%
Wugtrio
76%
Pawmot
74%
Dudunsparce
73%
Tinkaton
72%
Clodsire
71%
Maushold
71%
Floragato
70%
Iron Hands
70%
Skeledirge
70%
Bellibolt
69%
Cyclizar
69%
Farigiraf
69%
Gholdengo
69%
Oinkologne
69%
Scream Tail
69%
Crocalor
68%
Fidough
68%
Great Tusk
68%
Koraidon
68%
Miraidon
68%
Orthworm
68%
Tandemaus
68%
Ceruledge
67%
Cetitan
67%
Lokix
67%
Nacli
67%
Palafin
67%
Quaquaval
67%
Toedscool
67%
Cetoddle
66%
Kilowattrel
66%
Kingambit
66%
Klawf
66%
Spidops
66%
Tinkatink
66%
Annihilape
65%
Arboliva
65%
Garganacl
65%
Wattrel
65%
Revavroom
64%
Roaring Moon
64%
Sandy Shocks
64%
Toedscruel
64%
Dondozo
63%
Flutter Mane
63%
Iron Treads
63%
Iron Valiant
63%
Scovillain
63%
Varoom
63%
Armarouge
62%
Baxcalibur
62%
Charcadet
62%
Dolliv
62%
Mabosstiff
62%
Quaxwell
62%
Bombirdier
61%
Chien-Pao
61%
Dachsbun
61%
Iron Bundle
61%
Nymble
61%
Tadbulb
61%
Walking Wake
61%
Tatsugiri
60%
Capsakid
59%
Glimmora
59%
Naclstack
59%
Squawkabilly
59%
Brute Bonnet
58%
Espathra
58%
Gimmighoul
58%
Iron Leaves
58%
Iron Moth
58%
Ogerpon
58%
Slither Wing
58%
Frigibax
57%
Grafaiai
57%
Houndstone
57%
Iron Jugulis
57%
Ting-Lu
57%
Tinkatuff
57%
Veluza
57%
Bramblin
56%
Iron Thorns
56%
Arctibax
55%
Hydrapple
55%
Wo-Chien
55%
Glimmet
54%
Maschiff
54%
Brambleghast
53%
Chi-Yu
53%
Dipplin
53%
Finizen
53%
Terapagos
53%
Flittle
52%
Greavard
52%
Okidogi
51%
Shroodle
51%
Tarountula
51%
Archaludon
49%
Fezandipiti
49%
Pecharunt
49%
Poltchageist
49%
Rellor
49%
Sinistcha
48%
Munkidori
47%
Rabsca
46%
Raging Bolt
46%
Gouging Fire
45%
Iron Boulder
45%
Iron Crown
45%

Score Distribution

Percentile by Number Answered

Percent of People with Each Score

Your Score History

You have not taken this quiz since the last reset